Word Ladder: Primary Rhymery Quiz Stats

 Plays Quiz Updated Jul 23, 2015

Also try: Rhyme Time
Challenge
Share
Tweet
Embed
Score 0/56 Timer 08:00
1 Play Today
Hint 4-Letter Word % Correct
Male name, like Zuckerberg or ClarkMARK
94%
Job description for Bono or StingSING
89.7%
Adjective for someone who's on his ownLONE
88.9%
An incorrect ballad: Wrong ____✔ SONG ✔
88.4%
Bird that might nest in forest or parkLARK
87.6%
Nearest celestial object, but unvisible at noonMOON
87.1%
In business, the opposite of 'hire'FIRE
86.8%
Descriptor of the Nile or the MekongLONG
86.6%
The time that has already passedPAST
86.2%
Long and low kind of groanMOAN
86.2%
Formal dress that often goes all the way downGOWN
86.1%
A bigger amount than beforeMORE
85.5%
Where a pine keeps the seeds that it has grownCONE
85.4%
Gollum's most precious thingRING
85.2%
Muscle to hire when you need something soonGOON
84.6%
What you are when you rank highest in a testBEST
84.3%
Beverage that's linguistically often paired with 'dine'.WINE
84.2%
Jester city: Clown ____✔ TOWN ✔
84.1%
US Truck brand named after founder JackMACK
83.9%
What you do with eggs for an omelette before you eatBEAT
83.7%
Businessman's paper carrying placeCASE
83.6%
Poetic word for when a new day is being bornMORN
83.5%
Place to sit and maybe rest your feetSEAT
83.3%
Option for when all money has been blownLOAN
83.3%
A rapid choice: Quick ____✔ PICK ✔
83.2%
How clothing might look after having been heavily wornTORN
83.1%
Number of fixed vertebrae in a human spineNINE
82.7%
Start holding on to, nabGRAB
82.7%
Hint 4-Letter Word % Correct
Mu Beta Kappa or something like thatFRAT
82.3%
The father of your father is her manGRAN
82.2%
Vegetable that can be white, brown or greenBEAN
82.2%
Fish that can reach a 25 pound (11kg) massBASS
82%
Toward the frontal side relative to the coreFORE
81.9%
When lacking fiber, eating this is a good planBRAN
81.9%
Positively conclude a classPASS
81.6%
A skinny royal female: ____ queen✔ LEAN ✔
81.2%
Tool you could use when your leg has a sprainCANE
80.8%
The number of devices lacking this keeps getting higherWIRE
80%
A pancaked fedora: ____ hat✔ FLAT ✔
79.8%
A celebration with many people as guestFEST
79.5%
People with this characteristic never finish lastFAST
79.5%
Obsidian baggage: Black ____✔ PACK ✔
78.8%
A sign with '____ me' is a really old trickKICK
77.6%
What you are if you have a well functioning brainSANE
77.6%
A polygon's side or a polyhedron's faceBASE
77.4%
Firm fat, with previous rung✔ LARD ✔
76.9%
Mild expletive you might use during a spatDRAT
76.8%
Colorless research facility: ____ lab✔ DRAB ✔
76.3%
Water filled space where you can't sinkRINK
76.3%
A beam or pole, but less fatSLAT
73.4%
Amiable rodents, with previous rung✔ MICE ✔
73.1%
Amiable rodents, with next rung✔ NICE ✔
71.4%
Non-translucent pastry: Opaque ____✔ CAKE ✔
70.5%
Part of a plan somebody needs to rethinkKINK
69%
Firm fat, with next rung✔ HARD ✔
68.4%
A purpose for the decisions you makeSAKE
64.4%

Today's Daily Dose

You're not logged in!

Compare scores with friends on all Sporcle quizzes.
OR
Log In

You Might Also Like...

Show Comments

Extras

Top Quizzes Today


Score Distribution

Your Account Isn't Verified!

In order to create a playlist on Sporcle, you need to verify the email address you used during registration. Go to your Sporcle Settings to finish the process.

Report this User

Report this user for behavior that violates our Community Guidelines.

Details: